<?xml version="1.0" encoding="UTF-8"?>
<record
    xmlns:xsi="http://www.w3.org/2001/XMLSchema-instance"
    xsi:schemaLocation="http://www.loc.gov/MARC21/slim http://www.loc.gov/standards/marcxml/schema/MARC21slim.xsd"
    xmlns="http://www.loc.gov/MARC21/slim">

  <leader>01343nam a22002177a 4500</leader>
  <controlfield tag="003">OSt</controlfield>
  <controlfield tag="005">20251117144045.0</controlfield>
  <controlfield tag="008">251117b        |||||||| |||| 00| 0 eng d</controlfield>
  <datafield tag="040" ind1=" " ind2=" ">
    <subfield code="c">DCL</subfield>
  </datafield>
  <datafield tag="082" ind1=" " ind2=" ">
    <subfield code="a">&#x1042;&#x1049;&#x1044;.&#x1043;&#x1048;&#x1042;&#x1043;&#x1045;&#x1043;</subfield>
  </datafield>
  <datafield tag="130" ind1=" " ind2=" ">
    <subfield code="a">&#x1010;&#x102D;&#x1015;&#x102D;&#x100B;&#x1000;&#x104B;</subfield>
    <subfield code="p">&#x101E;&#x102F;&#x1010;&#x1039;&#x1010;&#x1014;&#x1039;&#x1010;&#x1015;&#x102D;&#x100B;&#x1000;&#x104B;</subfield>
    <subfield code="p">&#x1001;&#x102F;&#x1012;&#x1039;&#x1012;&#x1000;&#x1014;&#x102D;&#x1000;&#x102C;&#x101A;&#x104B;</subfield>
    <subfield code="t">&#x1007;&#x102C;&#x1010;&#x1000;&#x104A;</subfield>
    <subfield code="l">&#x1021;&#x100B;&#x1039;&#x100C;&#x1000;&#x1011;&#x102C;&#x104A;</subfield>
    <subfield code="s">&#x1014;&#x102D;&#x103F;&#x101A;&#x104B;</subfield>
  </datafield>
  <datafield tag="245" ind1=" " ind2=" ">
    <subfield code="a">&#x1007;&#x102C;&#x1010;&#x1000;&#x1021;&#x100B;&#x1039;&#x100C;&#x1000;&#x1011;&#x102C;&#x1014;&#x102D;&#x103F;&#x101A; &#x104A;</subfield>
    <subfield code="n">&#x101E;&#x1010;&#x1039;&#x1010;&#x1019;&#x1010;&#x103D;&#x1032; (&#x1010;&#x102D;&#x1036;&#x101E;&#x1014;&#x102D;&#x1015;&#x102B;&#x1010;&#x103A;&#x1019;&#x103E; &#x1015;&#x100F;&#x1039;&#x100F;&#x102C;&#x101E;&#x1014;&#x102D;&#x1015;&#x102B;&#x1010;&#x103A;&#x1021;&#x1011;&#x102D;) /</subfield>
    <subfield code="c">&#x1018;&#x1012;&#x1039;&#x1012;&#x1014;&#x1039;&#x1010;&#x1000;&#x1031;&#x101E;&#x101B; &#x1014;&#x103E;&#x1004;&#x1037;&#x103A; &#x1021;&#x101B;&#x103E;&#x1004;&#x103A;&#x1015;&#x100A;&#x102C;&#x1014;&#x1014;&#x1039;&#x1012;&#x104B;</subfield>
  </datafield>
  <datafield tag="264" ind1=" " ind2=" ">
    <subfield code="a">&#x1019;&#x1014;&#x1039;&#x1010;&#x101C;&#x1031;&#x1038; &#x104A;</subfield>
    <subfield code="b">&#x1014;&#x102D;&#x102F;&#x1004;&#x103A;&#x1004;&#x1036;&#x1010;&#x1031;&#x102C;&#x103A;&#x1015;&#x101B;&#x102D;&#x101A;&#x1010;&#x1039;&#x1010;&#x102D;&#x101E;&#x102C;&#x101E;&#x1014;&#x102C;&#x1037;&#x1010;&#x1000;&#x1039;&#x1000;&#x101E;&#x102D;&#x102F;&#x101C;&#x103A;&#x104A;</subfield>
    <subfield code="c">&#x1042;&#x1040;&#x1041;&#x1042;&#x104B;</subfield>
  </datafield>
  <datafield tag="300" ind1=" " ind2=" ">
    <subfield code="a">&#x1046;&#x1048;&#x1041; &#x1005;&#x102C;&#x1019;&#x103B;&#x1000;&#x103A;&#x1014;&#x103E;&#x102C; &#x104A;</subfield>
    <subfield code="c">&#x1042;&#x1046; &#x1005;&#x1004;&#x103A;&#x1010;&#x102E;&#x104B;</subfield>
  </datafield>
  <datafield tag="650" ind1=" " ind2=" ">
    <subfield code="a">&#x1007;&#x102C;&#x1010;&#x1000;</subfield>
    <subfield code="v">&#x1021;&#x100B;&#x1039;&#x100C;&#x1000;&#x1011;&#x102C;&#x1014;&#x102D;&#x103F;&#x101A;&#x104B;</subfield>
  </datafield>
  <datafield tag="650" ind1=" " ind2=" ">
    <subfield code="a">&#x1010;&#x102D;&#x1036;&#x101E;&#x1014;&#x102D;&#x1015;&#x102B;&#x1010;&#x103A;</subfield>
    <subfield code="x">&#x1021;&#x100B;&#x1039;&#x100C;&#x1000;&#x1011;&#x102C;&#x1014;&#x102D;&#x103F;&#x101A;&#x104B;</subfield>
  </datafield>
  <datafield tag="650" ind1=" " ind2=" ">
    <subfield code="a">&#x1005;&#x1010;&#x1039;&#x1010;&#x102C;&#x101C;&#x102E;&#x101E;&#x1014;&#x102D;&#x1015;&#x102B;&#x1010;&#x103A;</subfield>
    <subfield code="x">&#x1021;&#x100B;&#x1039;&#x100C;&#x1000;&#x1011;&#x102C;&#x1014;&#x102D;&#x103F;&#x101A;&#x104B;</subfield>
  </datafield>
  <datafield tag="700" ind1=" " ind2=" ">
    <subfield code="a">&#x1000;&#x1031;&#x101E;&#x101B;&#x104A; &#x1018;&#x1012;&#x1039;&#x1012;&#x1014;&#x1039;&#x1010;</subfield>
  </datafield>
  <datafield tag="700" ind1=" " ind2=" ">
    <subfield code="a">&#x1015;&#x100A;&#x102C;&#x1014;&#x1014;&#x1039;&#x1012;&#x104A; &#x1021;&#x101B;&#x103E;&#x1004;&#x103A;</subfield>
  </datafield>
  <datafield tag="942" ind1=" " ind2=" ">
    <subfield code="2">ddc</subfield>
    <subfield code="c">SHORT TERM</subfield>
    <subfield code="n">0</subfield>
  </datafield>
  <datafield tag="952" ind1=" " ind2=" ">
    <subfield code="0">0</subfield>
    <subfield code="1">0</subfield>
    <subfield code="2">ddc</subfield>
    <subfield code="4">0</subfield>
    <subfield code="7">0</subfield>
    <subfield code="8">P</subfield>
    <subfield code="a">DHAM</subfield>
    <subfield code="b">DHAM</subfield>
    <subfield code="c">Myanmar Pitaka Shelves</subfield>
    <subfield code="d">2025-11-17</subfield>
    <subfield code="l">0</subfield>
    <subfield code="o">&#x1042;&#x1049;&#x1044;.&#x1043;&#x1048;&#x1042;&#x1043;&#x1045;&#x1043; &#x1001;&#x102F;&#x1012;&#x1039;&#x1012; &#x1041;&#x1043;&#x1043;&#x1046;</subfield>
    <subfield code="p">MB00001336</subfield>
    <subfield code="r">2025-11-17 14:41:23</subfield>
    <subfield code="w">2025-11-17</subfield>
    <subfield code="y">SHORT TERM</subfield>
    <subfield code="A">&#x1041;&#x1043;&#x1043;&#x1046;</subfield>
  </datafield>
  <datafield tag="999" ind1=" " ind2=" ">
    <subfield code="c">2506</subfield>
    <subfield code="d">2506</subfield>
  </datafield>
</record>
